Estudios Políticos : nueva época, volumen 1, número 1, octubre-diciembre 1982 /

Kaydedildi:
Detaylı Bibliyografya
Diğer Yazarlar: Pérez Fernández del Castillo, Germán (dirección) (dirección)
Materyal Türü: Kitap
Dil:İspanyolca
Baskı/Yayın Bilgisi: UNAM, Facultad de Ciencias Políticas y Sociales, Centro de Estudios Políticos, 1982
Etiketler: Etiketle
Etiket eklenmemiş, İlk siz ekleyin!

MARC

LEADER 00000nam^a2200000^a^4500
001 000436961
005 20250526000000.0
009 20260310123209.563
037 |a Acervo ITESO - Biblioteca 
041 |a ESP 
091 |a FHM. 08318 
245 0 0 |a Estudios Políticos :  |b nueva época, volumen 1, número 1, octubre-diciembre 1982 / 
264 1 |1 México :  |b UNAM, Facultad de Ciencias Políticas y Sociales, Centro de Estudios Políticos,  |c 1982 
300 |a 75 p. ;  |c 28.0 cm. 
336 |a texto  |b txt  |2 rdacontenido 
337 |a sin mediación  |b n  |2 rdamedio 
338 |a volumen  |b nc  |2 rdasoporte 
649 |a XX 
700 |a Pérez Fernández del Castillo, Germán  |e (dirección) 
910 |a Fondo Hugo B. Margáin 
920 |a Impresos - Libros 
930 |a Libros Antiguos y Raros 
905 |a 126 
901 |a 0500301351  |b IT2  |c LRA  |i D116838  |u 20250526 
902 |a https://opac.biblio.iteso.mx/vufind/Record/000436961